000 00824nam a2200253 4500
001 71558
003 BD-RjUL
005 20211209082129.0
008 170504s1981 bg f001 0 eng d
035 _a(BD-RjUL)71774
040 _aDLC
_cDLC
_dDLC
_beng
041 _aeng
082 0 0 _a343.5492034
_223
_bBAN 1981
110 1 _aBangladesh.
_bMahāhisāba Nirīkshaka o Niẏantrakera Kāryālaẏa.
_9211742
245 1 0 _aAudit manual /
_cComptroller and Auditor-general Osman Ghani Khan
250 _a1st ed.
260 _aDhaka :
_bSupt., Bangladesh Govt. Press,
_c1981
300 _axiii, 291 p. ;
_c25 cm.
500 _a"Provisional issue."
500 _aIncludes index.
650 0 _aFinance, Public
_xAuditing
_xLaw and legislation
_zBangladesh.
_9211743
700 _aKhan, Osman Ghani
_9211744
942 _2ddc
_cBK
999 _c71558
_d71558